|
|
|
|
| LEADER |
00000nam0a2200000 4500 |
| 001 |
114441 |
| 005 |
20231031122245.0 |
| 010 |
|
|
|a 9785976300361
|
| 035 |
|
|
|a (RuTPU)RU\TPU\book\123746
|
| 090 |
|
|
|a 114441
|
| 100 |
|
|
|a 20070423d2007 km y0rusy50 ca
|
| 101 |
1 |
|
|a rus
|c eng
|
| 102 |
|
|
|a RU
|
| 105 |
|
|
|a a z 001zy
|
| 200 |
1 |
|
|a Парадокс мудрости. Научное опровержение "старческого слабоумия". Революционный взгляд на мышление человека
|e пер. с англ.
|f Э. Голдберг
|
| 210 |
|
|
|a Москва
|c Поколение
|d 2007
|
| 215 |
|
|
|a 384 с.
|c ил.
|
| 320 |
|
|
|a Библиография в примечаниях.
|
| 330 |
|
|
|a Оказывается, старый мозг отличается от молодого не в худшую, а в лучшую сторону! Главное свойство старого мозга хорошо известно всем под названием «мудрость». Как показывают исследования, знания и впечатления, накопленные человеком в течение жизни, со временем переходят из количества в качество. В отличие от молодого человека, старик видит ситуацию в целом, внутренняя взаимосвязь явлений открывается ему путем «озарения». До Э. Голдберга, ученика знаменитого русского нейропсихолога А. Лурии, никому не удавалось проникнуть в загадку человеческой мудрости и продемонстрировать, что мудрость — не эфемерная абстракция, а физическая реальность. В своей популярно написанной книге он обращается не только к медицинским данным, но и привлекает обширный культурный материал, приводя множество примеров отличной работы мозга в старости. Чрезвычайно полезны советы автора, как сохранить и приумножить возможности мозга.
|
| 610 |
1 |
|
|a психология
|
| 610 |
1 |
|
|a когнитивная психология
|
| 610 |
1 |
|
|a мозг
|
| 610 |
1 |
|
|a мышление
|
| 610 |
1 |
|
|a мыслительные процессы
|
| 610 |
1 |
|
|a эволюция
|
| 610 |
1 |
|
|a старость
|
| 610 |
1 |
|
|a старческое слабоумие
|
| 686 |
|
|
|a Ю935.13
|v LBC/SL-A
|2 rubbk
|
| 700 |
|
1 |
|a Голдберг
|b Э.
|g Элхонон
|
| 801 |
|
1 |
|a RU
|b 63413507
|c 20070423
|g PSBO
|
| 801 |
|
2 |
|a RU
|b 63413507
|c 20120220
|g PSBO
|
| 942 |
|
|
|c BK
|